| 000 | 00996nam a22002537a 4500 | ||
|---|---|---|---|
| 005 | 20170123164149.0 | ||
| 010 | _aB-109190 | ||
| 020 | _c100.00 | ||
| 035 | _aB-109190 | ||
| 037 | _bCen Lib / Ret | ||
| 040 |
_aDPL _bPN |
||
| 082 |
_a851 _bਸੰਘੇੜਾ |
||
| 100 |
_aਸੰਘੇੜਾ, ਸੁਖਪਾਲ _9125559 |
||
| 245 |
_aਭੂਤ ਨਗਰੀ / _cਸੁਖਪਾਲ ਸੰਘੇਰਾ |
||
| 246 |
_aBhoot nagri : poems / _bSukhpal Sanghera |
||
| 260 |
_aਲੁਧਿਆਣਾਂ _b ਚੇਤਨਾ ਪ੍ਰਕਾਸ਼ਨ _c2006 |
||
| 270 |
_aਚੇਤਨਾ ਪ੍ਰਕਾਸ਼ਨ ਪੰਜਾਬੀ ਭਵਨ ਲੁਧਿਆਣਾਂ _bਲੁਧਿਆਣਾਂ _e160022 |
||
| 300 |
_a94p. _c21cm(Hb) |
||
| 650 |
_aਪੰਜਾਬੀ ਸਾਹਿਤ _9125560 |
||
| 650 |
_aPunjabi poems _998797 |
||
| 650 |
_aLiterature -- Punjabi _9125561 |
||
| 650 |
_aਪੰਜਾਬੀ ਕਵਿਤਾ _9125562 |
||
| 942 |
_2ddc _cPN _h851 _mਸੰਘੇੜਾ |
||
| 999 |
_c110250 _d110250 |
||